[Event "FRA-ch Blitz Online Qual"]
[Site "Europe Echecs INT"]
[Date "2020.05.16"]
[Round "4"]
[White "Daunay, Gabriel"]
[Black "Mouret, Paul"]
[Result "1-0"]
[WhiteElo "1701"]
[BlackElo "1748"]
[PlyCount "91"]
[EventDate "2020.05.16"]
[EventType "swiss (blitz)"]
[EventRounds "15"]
[EventCountry "FRA"]
[SourceTitle "CBM 196 Extra"]
[Source "ChessBase"]
[SourceDate "2020.07.31"]
[SourceVersion "1"]
[SourceVersionDate "2020.07.31"]
[SourceQuality "1"]

1. e4 d5 2. exd5 Nf6 3. d4 Nxd5 4. Nf3 Nb6 5. c4 c5 6. d5 e6 7. Nc3 Be7 8. Bf4 exd5 9. Nxd5 Nxd5 10. Qxd5 Nc6 11. Qxd8+ Bxd8 12. Bd3 Nb4 13. Be4 0-0 14. 0-0 Be6 15. Bxb7 Rb8 16. Bxb8 Bb6 17. Bg3 Bxc4 18. Rfc1 Be6 19. a3 Nd5 20. Bd6 Rd8 21. Bxc5 Bxc5 22. Rxc5 Nf4 23. g3 Ng6 24. Kg2 h6 25. Rac1 Kh7 26. Ne5 Ne7 27. Rc7 Nd5 28. Bxd5 Rxd5 29. Nxf7 Rd2 30. Rf1 Bxf7 31. Rxf7 Rxb2 32. Rxa7 Ra2 33. a4 Kg6 34. a5 Kh7 35. a6 Ra5 36. Ra8 Kg6 37. a7 Kh7 38. Rb1 Ra2 39. Rb7 Ra3 40. Rc8 h5 41. a8Q h4 42. Rh8+ Kg6 43. Rb6+ Kf5 44. Qf3+ Ke5 45. Rh5+ Kd4 46. Rb4# 1-0

[Event "FRA-ch Blitz Online Qual"]
[Site "Europe Echecs INT"]
[Date "2020.05.16"]
[Round "9"]
[White "Mouret, Paul"]
[Black "Fraile, Lucas"]
[Result "0-1"]
[WhiteElo "1748"]
[BlackElo "1276"]
[PlyCount "98"]
[EventDate "2020.05.16"]
[EventType "swiss (blitz)"]
[EventRounds "15"]
[EventCountry "FRA"]
[SourceTitle "CBM 196 Extra"]
[Source "ChessBase"]
[SourceDate "2020.07.31"]
[SourceVersion "1"]
[SourceVersionDate "2020.07.31"]
[SourceQuality "1"]

1. e4 c6 2. Nc3 d5 3. Qf3 dxe4 4. Nxe4 Nf6 5. Ng3 Bg4 6. Qb3 Qc7 7. d4 e6 8. h3 Bf5 9. Nxf5 exf5 10. Nf3 Nbd7 11. Bd3 g6 12. g3 Nd5 13. c3 0-0-0 14. 0-0 Bd6 15. Kg2 f4 16. g4 h5 17. a3 hxg4 18. hxg4 Rh7 19. c4 N5f6 20. g5 Nh5 21. Qa4 Kb8 22. b4 Ng7 23. Rg1 Nb6 24. Qb3 Qd7 25. Kf1 Qh3+ 26. Ke2 Re8+ 27. Kd2 Qxf3 28. c5 Qxf2+ 29. Kc3 Nd5+ 30. Kc4 Qxg1 31. cxd6 Nb6+ 32. Kc3 Qe1+ 33. Kc2 Rh2+ 34. Kb1 Rh1 35. Qc2 Ne6 36. d5 Nd4 37. Qb2 Na4 38. Qxd4 Qxc1+ 39. Ka2 Qd2+ 40. Kb3 Rxa1 41. Kxa4 b5+ 42. Bxb5 cxb5+ 43. Kxb5 Qxd4 44. d7 Rd8 45. d6 Qb6+ 46. Kc4 Qxd6 47. b5 Rxd7 48. b6 Qxb6 49. a4 Rc1# 0-1